banner-ar

THE METAMORPHOSES OF OVID / (Record no. 19736)

MARC details
000 -الفاتح
حقل البيانات ثابتة الطول 00462nam a2200193Ia 4500
008 - عناصر البيانات ثابتة الطول - معلومات عامة
حقل البيانات ثابتة الطول 140319s9999 xx 000 0 eng d
040 ## - مصدر الفهرسة
وكالة الفهرسة الأصلية GCL /
وكالة النسخ GCL
082 04 - رقم تصنيف ديوى العشرى
رقم التصنيف 871
رقم المادة O M
100 1# - المدخل الرئيسى - إسم شخصى
الإسم الشخصى OVID
245 10 - بيان العنوان
العنوان THE METAMORPHOSES OF OVID /
بيان المسئوليه,etc OVID
700 1# - المدخل الاضافى - اسم شخصى
الإسم الشخصى INNES, M. M.
260 ## - PUBLICATION, DISTRIBUTION, ETC. (IMPRINT)
تاريخ النشر أو التوزيع 1964
300 ## - الوصف المادى
التعداد 364 P
650 04 - المدخل الاضافى بالموضوع-مصطلح موضوعى
مصطلح موضوعي LATIN LITERATURE
650 04 - المدخل الاضافى بالموضوع-مصطلح موضوعى
مصطلح موضوعي MYTHOLOGY - GREEK
650 04 - المدخل الاضافى بالموضوع-مصطلح موضوعى
مصطلح موضوعي OVID
942 ## - عناصر المدخل الإضافي( كوها)
مصدر التصنيف او مخطط الترفيف Dewey Decimal Classification
Koha [default] item type كتاب
260 ## - PUBLICATION, DISTRIBUTION, ETC. (IMPRINT)
-- [S.N] :
-- PENGUIN BOOKS ،
Holdings
حالة التراجع حالة الفقد حالة تلف ليس للاعارة المكان المؤقت الموقع الحالى تاريخ الاكتساب اجمالي اﻻعارات رقم الطلب الباركود تاريخ اخر مشاهدة تاريخ تفعيل السعر نوع وعاء كوها
        مكتبة القاهرة الكبرى مكتبة القاهرة الكبرى 03/26/2014   871\O M 37441 03/26/2014 03/26/2014 كتاب

Powered By

EGPV